Un siècle de déshonneur / (Record no. 172624)

MARC details
000 -LEADER
campo de control de longitud fija 01003nam a2200265 i 4500
001 - NÚMERO DE CONTROL
campo de control 172624
003 - IDENTIFICADOR DE NÚMERO DE CONTROL
campo de control ES-MaACL
005 - FECHA Y HORA DE LA ÚLTIMA TRANSACCIÓN
campo de control 20250831022016.0
008 - DATOS DE LONGITUD FIJA--INFORMACIÓN GENERAL
campo de control de longitud fija 090731s1997 gw |||| | fre d
020 ## - NÚMERO INTERNACIONAL ESTÁNDAR DEL LIBRO
Número Internacional Estándar del Libro 2-264-02578-6
080 ## - NÚMERO DE LA CLASIFICACIÓN DECIMAL UNIVERSAL
Número de la Clasificación Decimal Universal 973(=97)"17/18"
080 ## - NÚMERO DE LA CLASIFICACIÓN DECIMAL UNIVERSAL
Número de la Clasificación Decimal Universal 910.4(73-15)
100 1# - ENTRADA PRINCIPAL--NOMBRE DE PERSONA
Nombre de persona Jackson, Helen Hunt.
9 (RLIN) 141128
245 13 - MENCIÓN DEL TÍTULO
Título Un siècle de déshonneur /
Mención de responsabilidad, etc. par Helen Hunt Jackson ; traduit de l'américain, présenté et commenté par Eric Viel.
260 ## - PUBLICACIÓN, DISTRIBUCIÓN, ETC.
Lugar de publicación, distribución, etc. Paris :
Nombre del editor, distribuidor, etc. 10-18,
Fecha de publicación, distribución, etc. 1997.
300 ## - DESCRIPCIÓN FÍSICA
Extensión 365, [3] p. :
Otras características físicas mapas ;
Dimensiones 18 cm.
490 1# - MENCIÓN DE SERIE
Mención de serie Bibliothèques 10-18 ;
Designación de volumen o secuencia 730
650 #4 - PUNTO DE ACCESO ADICIONAL DE MATERIA--TÉRMINO DE MATERIA
Término de materia o nombre geográfico como elemento de entrada Indios de América del Norte-
Subdivisión general Guerras.
9 (RLIN) 13678
650 #4 - PUNTO DE ACCESO ADICIONAL DE MATERIA--TÉRMINO DE MATERIA
Término de materia o nombre geográfico como elemento de entrada Indios de América del Norte-
Subdivisión general Historia.
9 (RLIN) 13679
651 #4 - PUNTO DE ACCESO ADICIONAL DE MATERIA--NOMBRE GEOGRÁFICO
Nombre geográfico Oeste (Estados Unidos)-
Subdivisión general Descubrimientos y exploraciones
9 (RLIN) 9127
700 1# - ENTRADA AGREGADA--NOMBRE PERSONAL
Nombre de persona Viel, Éric.
9 (RLIN) 141129
830 0# - PUNTO DE ACCESO ADICIONAL DE SERIE-TÍTULO UNIFORME
Título uniforme Bibliothèques 10-18 ;
Designación de volumen o secuencia 730
9 (RLIN) 223394
852 4# - LOCALIZACIÓN
Ubicación ES-MaACL
Número de control de estantería E-12915
itemnumber R.139290
Nota libre . - Biblioteca Jacinto Martínez Lacalle
Holdings
Estatus retirado Estado de pérdida Estado de daño No para préstamo Biblioteca de origen Biblioteca actual Ubicación en estantería Fecha de adquisición Fuente de adquisición Total de préstamos Signatura topográfica completa Código de barras Visto por última vez Precio de reemplazo Tipo de ítem Koha
        Biblioteca del Ateneo de Madrid Biblioteca del Ateneo de Madrid Depósito 2 31/07/2009     E-12915 1181154 23/02/2023 23/02/2023 Libro impreso